000
00303nam a22001217a 4500
082
_a
540
_b
ARI/C
100
_a
ARIHANT PUBLICATIONS
245
_a
CHEMISTRY-XI- ALL IN ONE
246
_a
CHEMISTRY-XI- ALL IN ONE
_b
CHEMISTRY-XI- ALL IN ONE
260
_a
MEERUT,INDIA
_b
ARIHANT
300
_a
698
942
_c
BK
999
_c
8544
_d
8544